Team Fortress 2 Classes by Nationality - Statistics

General Stats
  • This quiz has been taken 154 times
  • The average score is 7 of 8
Answer Stats
Hint Answer % Correct
96%
95%
94%
92%
(specifically Boston)
91%
(specifically Texas)
91%
91%
(part of the United Kingdom)
90%
No matching quizzes found
Score Distribution
Percent of People with Each Score
Percentile by Number Answered
Your Score History
You have not taken this quiz